Australijskie zwierzęta według zdjęcia - Statystyki

Ogólne statystyki
  • Ten quiz został rozwiązany 1 471 razy
  • Średni wynik to 8 z 15
Statystyki odpowiedzi
Obrazkowy Hint Odpowiedź % Poprawnych
Kangur czerwony
100%
Koala
99%
Dziobak
93%
Emu
85%
Diabeł tasmański
75%
Dingo
69%
Największa jaszczurka Australii Waran wielki
56%
Kolczatka
52%
Wombat
51%
Kazuar
46%
Kuoka
19%
Najbardziej jadowity wąż na świecie {Tajpan} pustynny
19%
{Osa} Morska
16%
{Lotopałanka} karłowata
14%
Ptak "śmiejący się" Kukabura chichotliwa
13%
Nie znaleziono quizów pasujących do podanych kryteriów
Rozkład punktacji
Procent ludzi z każdym wynikiem
Percentyl według liczby udzielonych odpowiedzi
Twoja historia wyników
Nie rozwiązałeś tego quizu